[Event "Fagernes Chess International"]
[Site "Fagernes"]
[Date "2015.03.29"]
[Round "6"]
[White "Graf, Felix"]
[Black "Donchenko, Alexander"]
[Result "1/2-1/2"]
[WhiteElo "2478"]
[BlackElo "2569"]
[PlyCount "84"]
[EventDate "2015.??.??"]

1. d4 Nf6 2. Nc3 d5 3. Bg5 h6 4. Bxf6 exf6 5. e3 c6 6. Bd3 Bd6 7. Qf3 Na6 8.
Bxa6 bxa6 9. Nge2 O-O 10. O-O a5 11. Rfd1 Re8 12. e4 Be6 13. exd5 cxd5 14. Nf4
Qb8 15. Ncxd5 Qxb2 16. Nxf6+ gxf6 17. Nh5 Red8 18. Nxf6+ Kf8 19. Rab1 Qxc2 20.
d5 Be7 21. dxe6 Bxf6 22. Re1 Kg7 23. Rb7 Rf8 24. h4 Qxa2 25. Qh5 Kh7 26. Qf5+
Kg7 27. h5 Bg5 28. Rxf7+ Rxf7 29. Qxf7+ Kh8 30. Rd1 Qa3 31. Rd7 Qc1+ 32. Kh2
Qf4+ 33. Qxf4 Bxf4+ 34. g3 Bc1 35. e7 Bg5 36. f4 Bf6 37. Rxa7 Re8 38. Rxa5 Rxe7
39. Kh3 Re3 40. Ra6 Kg7 41. Rc6 Rd3 42. Ra6 Kf7
1/2-1/2

[Event "Fagernes Chess International"]
[Site "Fagernes"]
[Date "2015.03.29"]
[Round "6"]
[White "Burmakin, Vladimir"]
[Black "Vovk, Yuri"]
[Result "0-1"]
[WhiteElo "2581"]
[BlackElo "2588"]
[PlyCount "84"]
[EventDate "2015.??.??"]

1. d4 Nf6 2. Nf3 g6 3. Bf4 Bg7 4. e3 O-O 5. Be2 d6 6. c3 c5 7. O-O b6 8. h3 Bb7
9. a4 a6 10. Qb3 Nbd7 11. Rd1 b5 12. c4 cxd4 13. exd4 Bxf3 14. Bxf3 bxc4 15.
Qxc4 d5 16. Qc6 Qa5 17. Bd2 Qb6 18. Qxb6 Nxb6 19. Bb4 Rfe8 20. Nc3 e6 21. a5
Nbd7 22. Na4 Reb8 23. Bd6 Rb3 24. Ra3 Rxa3 25. Bxa3 Rc8 26. Be2 Rc6 27. b4 Rc2
28. Bxa6 Ra2 29. Bb5 Rxa3 30. a6 h5 31. Rc1 Ne4 32. a7 Nb6 33. Rc6 Bxd4 34.
Rxb6 Bxf2+ 35. Kf1 Ra1+ 36. Ke2 Ra2+ 37. Kd1 Nc3+ 38. Nxc3 Ra1+ 39. Kc2 Bxb6
40. Kb2 Rxa7 41. Na4 Bd4+ 42. Kb3 Kf8
0-1

[Event "Fagernes Chess International"]
[Site "Fagernes"]
[Date "2015.03.29"]
[Round "6"]
[White "Christiansen, Johan-Sebastian"]
[Black "Romanov, Evgeny"]
[Result "1-0"]
[WhiteElo "2351"]
[BlackElo "2613"]
[PlyCount "59"]
[EventDate "2015.??.??"]

1. c4 Nf6 2. g3 c6 3. Bg2 d5 4. Nf3 dxc4 5. O-O Nbd7 6. Qc2 Nb6 7. a4 a5 8. Na3
g6 9. Nxc4 Nxc4 10. Qxc4 Bg7 11. e4 Be6 12. Qe2 Bg4 13. Qc4 Nd7 14. d4 Nb6 15.
Qb3 O-O 16. Rd1 Be6 17. Qc3 Qd6 18. Be3 f5 19. Ng5 fxe4 20. Qc5 Qxc5 21. dxc5
Bb3 22. cxb6 Bxb2 23. Rab1 Bxd1 24. Rxd1 Rfd8 25. Rb1 Bc3 26. Ne6 Rd5 27. Nc7
Rad8 28. Nxd5 cxd5 29. Rd1 Rd6 30. Bc5
1-0

[Event "Fagernes Chess International"]
[Site "Fagernes"]
[Date "2015.03.29"]
[Round "6"]
[White "Dann, Matthias"]
[Black "Tari, Aryan"]
[Result "1/2-1/2"]
[WhiteElo "2475"]
[BlackElo "2509"]
[PlyCount "73"]
[EventDate "2015.??.??"]

1. e4 c6 2. Nf3 d5 3. Nc3 Nf6 4. e5 Ne4 5. h3 Bf5 6. Nh4 e6 7. Nxf5 exf5 8.
Nxe4 dxe4 9. d4 Nd7 10. Bc4 Nb6 11. Bb3 c5 12. c3 cxd4 13. cxd4 Bb4+ 14. Kf1
Qd7 15. g4 fxg4 16. hxg4 Rd8 17. Be3 O-O 18. g5 Qf5 19. Rh4 Be7 20. Qg4 Qxg4
21. Rxg4 Nd5 22. Ke2 g6 23. Bd2 Rd7 24. Rc1 Rfd8 25. Rxe4 Nc7 26. f4 Ne6 27.
Be3 Nxd4+ 28. Bxd4 Rxd4 29. Rxd4 Rxd4 30. Rc7 Kf8 31. Kf3 Rb4 32. Rc8+ Kg7 33.
Re8 Bc5 34. Rc8 Be7 35. Rc7 Kf8 36. Rc8+ Kg7 37. Rc7
1/2-1/2

[Event "Fagernes Chess International"]
[Site "Fagernes"]
[Date "2015.03.29"]
[Round "6"]
[White "Salomon, Johan"]
[Black "Paulet, Iozefina"]
[Result "1/2-1/2"]
[WhiteElo "2401"]
[BlackElo "2205"]
[PlyCount "110"]
[EventDate "2015.??.??"]

1. e4 c5 2. Nf3 d6 3. d4 cxd4 4. Nxd4 Nf6 5. Nc3 a6 6. h3 e5 7. Nde2 h5 8. g3
b5 9. Bg2 Bb7 10. O-O Nbd7 11. a4 b4 12. Nd5 Nxd5 13. exd5 h4 14. g4 Be7 15. a5
Rc8 16. Qd2 Rc5 17. Qxb4 Bxd5 18. Bxd5 Rxd5 19. Qb7 Rxa5 20. Rxa5 Qxa5 21. Nc3
Qb6 22. Qc8+ Qd8 23. Qxa6 Nf6 24. Bg5 O-O 25. Bxh4 d5 26. Qc6 d4 27. Bxf6 Bxf6
28. Ne4 Be7 29. Ra1 Qb8 30. b3 Rc8 31. Qd7 Qc7 32. Qxc7 Rxc7 33. Ra2 f6 34. Kf1
g6 35. Ke2 Kf7 36. f3 f5 37. Nd2 Rc3 38. Kd1 e4 39. fxe4 f4 40. Ra4 d3 41. cxd3
Rxd3 42. Kc2 Rxh3 43. b4 Re3 44. b5 f3 45. Ra1 Bg5 46. Rf1 Re2 47. Rxf3+ Ke7
48. Rd3 Bxd2 49. Rxd2 Rxe4 50. Kc3 Rxg4 51. b6 Rf4 52. Rb2 Rf8 53. Kc4 Kd7 54.
Kb5 Kc8 55. Rg2 Rg8
1/2-1/2

[Event "Fagernes Chess International"]
[Site "Fagernes"]
[Date "2015.03.29"]
[Round "6"]
[White "Hauge, Lars Oskar"]
[Black "Urkedal, Frode Olav Olsen"]
[Result "1/2-1/2"]
[WhiteElo "2380"]
[BlackElo "2524"]
[PlyCount "127"]
[EventDate "2015.??.??"]

1. d4 Nf6 2. c4 e6 3. Nc3 Bb4 4. Qc2 O-O 5. Nf3 c5 6. dxc5 Na6 7. g3 Nxc5 8.
Bg2 b6 9. O-O Bb7 10. Nb5 Be4 11. Qd1 a6 12. Nd6 Bc6 13. Bf4 Nce4 14. Nxe4 Bxe4
15. Bd6 Bxd6 16. Qxd6 Qb8 17. Qxb8 Raxb8 18. Rac1 Rfc8 19. Rfd1 Rc7 20. Ne5
Bxg2 21. Kxg2 Kf8 22. Rd6 Ke7 23. Rcd1 Rbb7 24. R6d4 b5 25. b3 bxc4 26. Nxc4 d5
27. Ne3 Ne4 28. f3 Nc3 29. R1d2 a5 30. Kf2 Rb4 31. R4d3 a4 32. bxa4 Rxa4 33.
Rc2 d4 34. Ke1 Rb7 35. Nd1 Rb1 36. e3 e5 37. exd4 exd4 38. Rcd2 Nxd1 39. Rxd1
Rxd1+ 40. Kxd1 Rxa2 41. h4 Ra4 42. Kc2 Rb4 43. Ra3 h5 44. Kd3 g6 45. Ke4 Kd6
46. Ra5 Kc6 47. Ra7 f5+ 48. Kd3 Kb6 49. Re7 Kc5 50. Re5+ Kd6 51. Ra5 Ke6 52.
Ra6+ Kf7 53. Ra7+ Kf6 54. Ra6+ Kg7 55. Ra7+ Kh6 56. Ra3 Kg7 57. Ra7+ Kf6 58.
Ra6+ Kf7 59. Ra7+ Ke6 60. Ra6+ Kd5 61. Ra5+ Kc6 62. Ra7 Kc5 63. Ra5+ Kc6 64.
Ra7
1/2-1/2

[Event "Fagernes Chess International"]
[Site "Fagernes"]
[Date "2015.03.29"]
[Round "6"]
[White "Agdestein, Simen"]
[Black "Wallace, John Paul"]
[Result "1-0"]
[WhiteElo "2620"]
[BlackElo "2388"]
[PlyCount "83"]
[EventDate "2015.??.??"]

1. d4 Nf6 2. c4 g6 3. Nc3 Bg7 4. e4 d6 5. Be2 O-O 6. Nf3 Na6 7. Bg5 h6 8. Bh4
g5 9. Bg3 Nh5 10. Qd2 e6 11. e5 Nxg3 12. hxg3 dxe5 13. Nxe5 c5 14. Ng4 cxd4 15.
Nb5 Re8 16. Nxh6+ Kf8 17. O-O-O e5 18. f4 gxf4 19. gxf4 e4 20. f5 d3 21. Nxf7
Qf6 22. Ng5 Kg8 23. Nh7 Qxf5 24. Nd6 Qe6 25. Nxe8 Qxc4+ 26. Kb1 Be6 27. Nef6+
Kf7 28. b3 Qd4 29. Qg5 Bh8 30. Bh5+ Ke7 31. Nxe4+ Kd7 32. Nhf6+ Kc6 33. Bf3 Kb6
34. Rh5 Qb4 35. Qe3+ Kc7 36. Rc1+ Kd8 37. Rxh8+ Ke7 38. Rh7+ Kd8 39. Rh8+ Ke7
40. Nd5+ Bxd5 41. Qg5+ Kf7 42. Qf6#
1-0

[Event "Fagernes Chess International"]
[Site "Fagernes"]
[Date "2015.03.29"]
[Round "6"]
[White "Merkesvik, Sondre"]
[Black "Mihajlov, Sebastian"]
[Result "0-1"]
[WhiteElo "2135"]
[BlackElo "2308"]
[PlyCount "114"]
[EventDate "2015.??.??"]

1. Nf3 Nf6 2. c4 c6 3. g3 d5 4. Bg2 g6 5. b3 Bg7 6. Bb2 O-O 7. O-O a5 8. d3 Re8
9. Nbd2 Nbd7 10. e4 dxe4 11. dxe4 Nxe4 12. Bxg7 Nxd2 13. Qxd2 Kxg7 14. g4 Nf6
15. g5 Nh5 16. Qc3+ Kg8 17. Ne5 Bf5 18. Bf3 Nf4 19. Qe3 Nh3+ 20. Kg2 e6 21. Bg4
Nxg5 22. Rad1 Qc7 23. Nd7 Bxg4 24. Qxg5 Bxd1 25. Rxd1 Rad8 26. Nf6+ Kf8 27.
Qh6+ Ke7 28. Qg5 Rxd1 29. Nd5+ Kd7 30. Nxc7 Kxc7 31. Qf4+ Kc8 32. Qxf7 Rdd8 33.
Qxh7 Rf8 34. Qg7 Rde8 35. h4 e5 36. f3 Kb8 37. Qh6 Rf6 38. Kg3 Ref8 39. Qe3
Rxf3+ 40. Qxf3 Rxf3+ 41. Kxf3 Kc7 42. Kg4 Kd6 43. Kg5 Ke7 44. a3 Kf7 45. b4
axb4 46. axb4 b5 47. cxb5 cxb5 48. Kg4 Kf6 49. Kf3 Kf5 50. Ke3 e4 51. Kf2 Kf4
52. Ke2 e3 53. Ke1 Kg3 54. Ke2 Kxh4 55. Kxe3 g5 56. Kf2 Kh3 57. Kg1 Kg3
0-1

[Event "Fagernes Chess International"]
[Site "Fagernes"]
[Date "2015.03.29"]
[Round "6"]
[White "Røyset, Pål"]
[Black "Nilsen, Joachim B."]
[Result "1-0"]
[WhiteElo "2251"]
[BlackElo "2406"]
[PlyCount "67"]
[EventDate "2015.??.??"]

1. e4 e5 2. Bc4 Nf6 3. d3 c6 4. Nf3 d5 5. Bb3 a5 6. a3 a4 7. Ba2 Bd6 8. O-O O-O
9. Re1 dxe4 10. dxe4 Qe7 11. Nbd2 Na6 12. Nf1 Nc5 13. Ng3 Bc7 14. Nh4 g6 15.
Bh6 Rd8 16. Qc1 Ne6 17. Nhf5 gxf5 18. Nxf5 Qc5 19. Bxe6 fxe6 20. Qg5+ Kf7 21.
Qg7+ Ke8 22. Qxf6 exf5 23. Qh8+ Kf7 24. Qxh7+ Ke8 25. Qg6+ Ke7 26. exf5 Rf8 27.
f6+ Kd8 28. Rad1+ Bd7 29. Bxf8 Qxf8 30. f7 Ba5 31. Qf6+ Kc8 32. Rxe5 Bd8 33.
Re8 Kc7 34. Qe5+
1-0

[Event "Fagernes Chess International"]
[Site "Fagernes"]
[Date "2015.03.29"]
[Round "6"]
[White "Rozentalis, Eduardas"]
[Black "Getz, Nicolai"]
[Result "1-0"]
[WhiteElo "2549"]
[BlackElo "2367"]
[PlyCount "109"]
[EventDate "2015.??.??"]

1. e4 e5 2. Nc3 Nf6 3. g3 d5 4. exd5 Nxd5 5. Bg2 Nxc3 6. bxc3 Bc5 7. Ne2 O-O 8.
d4 Bb6 9. O-O Qf6 10. a4 a5 11. Be3 Qe7 12. Nc1 Rd8 13. Re1 exd4 14. cxd4 Bxd4
15. Bxd4 Rxd4 16. Nd3 Qf8 17. Qh5 Nd7 18. Qb5 c6 19. Qb2 Rd6 20. Re3 b6 21.
Rae1 Ba6 22. Nf4 Rd8 23. h4 c5 24. Nd5 Bc4 25. Ne7+ Kh8 26. Nc6 Rc8 27. Na7 Rd8
28. h5 h6 29. Nc6 Rc8 30. Ne7 Nf6 31. Qc3 Ba6 32. Nxc8 Bxc8 33. Bf3 Bd7 34. Re7
Bxa4 35. Qc4 Be8 36. Qf4 Rd7 37. Qxf6 gxf6 38. Rxe8 Kg7 39. Rxf8 Kxf8 40. Bc6
Rd6 41. Bb5 Rd2 42. c4 Kg7 43. Re7 f5 44. Rb7 Rd6 45. Kg2 Kf6 46. Kf3 Rd3+ 47.
Ke2 Rd6 48. f4 Kg7 49. Rd7 Re6+ 50. Kd2 Kf6 51. Rb7 Rd6+ 52. Kc2 Re6 53. Kb3
Kg7 54. Ka4 Kf8 55. Bd7
1-0

[Event "Fagernes Chess International"]
[Site "Fagernes"]
[Date "2015.03.29"]
[Round "6"]
[White "Galinsky, Timofey"]
[Black "Haugli, Petter"]
[Result "0-1"]
[WhiteElo "2411"]
[BlackElo "2247"]
[PlyCount "114"]
[EventDate "2015.??.??"]

1. d4 f5 2. h3 Nf6 3. Nf3 g6 4. Bf4 Bg7 5. e3 O-O 6. Nbd2 d6 7. c3 Nc6 8. Bd3
e6 9. g4 Qe7 10. Qe2 e5 11. dxe5 dxe5 12. Bc4+ Kh8 13. Bg3 fxg4 14. hxg4 Bxg4
15. Nh4 Qe8 16. Qd3 e4 17. Qc2 g5 18. Ng2 Ne5 19. Be2 Nf3+ 20. Bxf3 exf3 21.
Nh4 gxh4 22. Rxh4 Rd8 23. O-O-O h5 24. Bxc7 Rd7 25. Bf4 Qe6 26. Rg1 Rfd8 27. e4
Qxa2 28. e5 Rxd2 29. Bxd2 Qa1+ 30. Qb1 Qxb1+ 31. Kxb1 Rxd2 32. exf6 Bxf6 33.
Rgxg4 Bxh4 34. Rxh4 Rxf2 35. Rxh5+ Kg7 36. Rf5 Kg6 37. Rf8 Kg5 38. Rf7 Kg4 39.
Rxb7 a5 40. Rg7+ Kf4 41. Rf7+ Kg3 42. Ka2 Re2 43. Rg7+ Kh2 44. Rf7 Kg2 45. Ka3
Re3 46. Rg7+ Kf1 47. Ka4 f2 48. Rf7 Ke2 49. Rxf2+ Kxf2 50. Kxa5 Kf3 51. c4 Ke4
52. b4 Kd4 53. c5 Kd5 54. Kb6 Rc3 55. Kc7 Rc4 56. Kd7 Rh4 57. Kc7 Rxb4
0-1

[Event "Fagernes Chess International"]
[Site "Fagernes"]
[Date "2015.03.29"]
[Round "6"]
[White "Goossens, Hanne"]
[Black "Risting, Eivind Olav"]
[Result "1-0"]
[WhiteElo "2168"]
[BlackElo "2100"]
[PlyCount "69"]
[EventDate "2015.??.??"]

1. e4 e6 2. d4 d5 3. Nd2 Nf6 4. e5 Nfd7 5. c3 c5 6. Bd3 Nc6 7. Ne2 cxd4 8. cxd4
f6 9. exf6 Nxf6 10. Nf3 Bd6 11. O-O Qc7 12. g3 O-O 13. Bf4 Bd7 14. Rc1 Ng4 15.
Qd2 h6 16. Bb1 Bxf4 17. Nxf4 Rf7 18. Qd3 Rxf4 19. gxf4 Qxf4 20. Kg2 Rf8 21.
Qh7+ Kf7 22. Rxc6 Bxc6 23. h3 Bb5 24. Re1 Nxf2 25. Kxf2 Ke8 26. Qg6+ Kd8 27.
Re3 Qxd4 28. Qxe6 Qxb2+ 29. Kg3 Qb4 30. Qxd5+ Bd7 31. Qe5 Kc8 32. Rc3+ Bc6 33.
Bf5+ Rxf5 34. Qxf5+ Kc7 35. Qf4+
1-0

[Event "Fagernes Chess International"]
[Site "Fagernes"]
[Date "2015.03.29"]
[Round "6"]
[White "Vovk, Oksana"]
[Black "Bjerke, Richard"]
[Result "0-1"]
[WhiteElo "2112"]
[BlackElo "2180"]
[PlyCount "94"]
[EventDate "2015.??.??"]

1. d4 Nf6 2. c4 e6 3. Nf3 Bb4+ 4. Bd2 c5 5. Bxb4 cxb4 6. Nbd2 d6 7. e3 O-O 8.
Bd3 Nc6 9. O-O e5 10. Qc2 Bd7 11. dxe5 dxe5 12. Ne4 h6 13. Rfd1 Nxe4 14. Bxe4
Qe7 15. Rd2 f5 16. Rad1 Bc8 17. Bd5+ Kh8 18. Bxc6 bxc6 19. Qa4 e4 20. Qxc6 Rb8
21. Ne1 Rb6 22. Qa4 f4 23. exf4 Bg4 24. f3 exf3 25. Nxf3 Bxf3 26. gxf3 Qe3+ 27.
Rf2 Rg6+ 28. Kf1 Qxf4 29. Qxb4 Re8 30. Re1 Rxe1+ 31. Qxe1 Qxc4+ 32. Re2 Qxa2
33. Qf2 Qa4 34. Qe3 Qa1+ 35. Re1 Qxb2 36. Qf2 Qb5+ 37. Qe2 Qh5 38. Rd1 Qh3+ 39.
Ke1 Rg1+ 40. Kd2 Qd7+ 41. Kc2 Rxd1 42. Qxd1 Qxd1+ 43. Kxd1 Kg8 44. Kd2 Kf7 45.
Kd3 Kf6 46. Ke4 a5 47. Kd4 Kf5
0-1

[Event "Fagernes Chess International"]
[Site "Fagernes"]
[Date "2015.03.29"]
[Round "6"]
[White "Gandrud, Vegar Koi"]
[Black "Martinsen, Stig K."]
[Result "1-0"]
[WhiteElo "2211"]
[BlackElo "2157"]
[PlyCount "49"]
[EventDate "2015.??.??"]

1. d4 e6 2. Nf3 f5 3. c4 Nf6 4. g3 Be7 5. Bg2 O-O 6. O-O d6 7. Nc3 a5 8. Qc2
Nc6 9. Bf4 Nh5 10. Bc1 e5 11. dxe5 dxe5 12. Nd5 e4 13. Rd1 Bd6 14. Bg5 Qe8 15.
c5 exf3 16. cxd6 fxe2 17. Re1 Qg6 18. Be7 cxd6 19. Bxf8 Kxf8 20. Qxe2 f4 21.
Ne7 Qf7 22. Nxc6 bxc6 23. Bxc6 Ba6 24. Qd2 Rb8 25. Qxd6+
1-0

[Event "Fagernes Chess International"]
[Site "Fagernes"]
[Date "2015.03.29"]
[Round "6"]
[White "Kaasen, Tor Fredrik"]
[Black "Dolzhikova, Olga"]
[Result "0-1"]
[WhiteElo "2099"]
[BlackElo "2159"]
[PlyCount "56"]
[EventDate "2015.??.??"]

1. e4 e5 2. Nf3 Nc6 3. d4 exd4 4. Nxd4 Nf6 5. Bg5 h6 6. Nxc6 bxc6 7. Bxf6 Qxf6
8. c3 Bc5 9. Qd2 Qg6 10. Qe2 O-O 11. Nd2 Rb8 12. b4 Bb6 13. g3 d5 14. Bg2 Bg4
15. f3 Bd7 16. a4 a5 17. bxa5 Bxa5 18. O-O Bxc3 19. Rac1 Qf6 20. Qd3 Qd4+ 21.
Qxd4 Bxd4+ 22. Kh1 Rb2 23. Rcd1 Be3 24. Nc4 dxc4 25. Rxd7 c3 26. Rd3 Bd2 27. h4
Rfb8 28. Kg1 Rb1
0-1

[Event "Fagernes Chess International"]
[Site "Fagernes"]
[Date "2015.03.29"]
[Round "6"]
[White "Havik, Victor"]
[Black "Haug, Johannes"]
[Result "0-1"]
[WhiteElo "2160"]
[BlackElo "2339"]
[PlyCount "64"]
[EventDate "2015.??.??"]

1. d4 Nf6 2. c4 e6 3. Nc3 Bb4 4. a3 Bxc3+ 5. bxc3 O-O 6. f3 d6 7. e4 Nbd7 8.
Bd3 e5 9. Ne2 b6 10. g4 exd4 11. cxd4 c5 12. d5 Ne5 13. O-O Ba6 14. Qb3 Nfd7
15. f4 Nxg4 16. h3 Nh6 17. Bb2 Qh4 18. Rf3 Rae8 19. Rg3 f6 20. Kh2 Re7 21. Rag1
Bc8 22. Bc2 Rff7 23. Qf3 f5 24. exf5 Nf6 25. Rg5 Kf8 26. Ng3 Re3 27. Qf1 Nhg4+
28. Kh1 Rxg3 29. Rxg3 Qxg3 30. hxg4 Nxg4 31. Qg2 Qxg2+ 32. Kxg2 Ne3+
0-1

[Event "Fagernes Chess International"]
[Site "Fagernes"]
[Date "2015.03.29"]
[Round "6"]
[White "Mihajlov, Svetoslav"]
[Black "Kjølberg, Jens Hjorth"]
[Result "1/2-1/2"]
[WhiteElo "2203"]
[BlackElo "2094"]
[PlyCount "58"]
[EventDate "2015.??.??"]

1. e4 e5 2. Nf3 Nc6 3. Nc3 Nf6 4. Bb5 Bd6 5. d3 h6 6. O-O O-O 7. a3 a6 8. Bc4
Bc5 9. Be3 d6 10. b4 Bd4 11. Bxd4 exd4 12. Ne2 Bg4 13. Nd2 d5 14. Bxd5 Nxd5 15.
exd5 Qxd5 16. f3 Bf5 17. Ng3 a5 18. b5 Qxb5 19. Rb1 Qc5 20. Nxf5 Qxf5 21. Rxb7
Rac8 22. Re1 Qd7 23. Nc4 Rb8 24. Rxb8 Rxb8 25. Qe2 Kf8 26. Qd2 Qf5 27. Qe2 Qd7
28. Qd2 Qf5 29. Qe2 Qd7
1/2-1/2

[Event "Fagernes Chess International"]
[Site "Fagernes"]
[Date "2015.03.29"]
[Round "6"]
[White "Grønnestad, Anita"]
[Black "Hølleland, Sigve"]
[Result "1/2-1/2"]
[WhiteElo "1987"]
[BlackElo "1963"]
[PlyCount "64"]
[EventDate "2015.??.??"]

1. Nf3 d5 2. d4 c6 3. c3 Nf6 4. Bf4 Bf5 5. h3 h6 6. Nbd2 Nbd7 7. e3 e6 8. Be2
Be7 9. Bh2 c5 10. Qb3 Qb6 11. dxc5 Bxc5 12. Nd4 Bg6 13. Qxb6 Bxb6 14. Nb5 O-O
15. a4 a6 16. Nd4 e5 17. N4f3 Rfe8 18. Ra3 Rac8 19. a5 Ba7 20. O-O d4 21. exd4
exd4 22. Re1 dxc3 23. Rxc3 Rxc3 24. bxc3 Nc5 25. Be5 Nfe4 26. Nxe4 Bxe4 27. Bc4
Bxf3 28. gxf3 Nd7 29. f4 Nxe5 30. fxe5 Kf8 31. Rb1 Re7 32. Kg2 Rd7
1/2-1/2

[Event "Fagernes Chess International"]
[Site "Fagernes"]
[Date "2015.03.29"]
[Round "7"]
[White "Vovk, Yuri"]
[Black "Hammer, Jon Ludvig"]
[Result "1/2-1/2"]
[WhiteElo "2588"]
[BlackElo "2651"]
[Annotator "Doe,John"]
[PlyCount "72"]
[EventDate "2015.??.??"]

1. d4 Nf6 2. c4 e6 3. Nf3 d5 4. Nc3 c5 5. cxd5 Nxd5 6. e4 Nxc3 7. bxc3 cxd4 8.
cxd4 Bb4+ 9. Bd2 Bxd2+ 10. Qxd2 O-O 11. Rc1 b6 12. Bd3 Bb7 13. O-O Nd7 14. Qf4
Nf6 15. h4 Rc8 16. e5 Nh5 17. Qg4 Bxf3 18. Qxf3 Qxh4 19. Rxc8 Rxc8 20. d5 Qg5
21. Qe4 g6 22. d6 Nf4 23. Ba6 Qg4 24. Re1 Rc2 25. Bf1 Nh3+ 26. Kh2 Nxf2 27.
Qxc2 Qh4+ 28. Kg1 Ng4 29. g3 Qxg3+ 30. Qg2 Qxe1 31. Qxg4 Qxe5 32. Qd1 Qe3+ 33.
Kh1 Qh6+ 34. Kg1 Qe3+ 35. Kh1 Qh6+ 36. Kg1 Qe3+
1/2-1/2

[Event "Fagernes Chess International"]
[Site "Fagernes"]
[Date "2015.03.29"]
[Round "7"]
[White "Postny, Evgeny"]
[Black "Vovk, Andrey"]
[Result "1/2-1/2"]
[WhiteElo "2645"]
[BlackElo "2644"]
[Annotator "Doe,John"]
[PlyCount "212"]
[EventDate "2015.??.??"]

1. d4 f5 2. g3 Nf6 3. Bg2 g6 4. c4 Bg7 5. Nc3 O-O 6. Nh3 d6 7. d5 Nbd7 8. O-O
Nc5 9. Be3 e5 10. dxe6 Nxe6 11. Nf4 Nxf4 12. Bxf4 Nh5 13. Be3 c6 14. Qd2 Be6
15. b3 Qf6 16. Rac1 f4 17. Bxf4 Nxf4 18. gxf4 Qxf4 19. Qxf4 Rxf4 20. Rfd1 Rd8
21. Ne4 Bf8 22. e3 Rh4 23. Rd2 Bf5 24. Ng3 Bg4 25. b4 Be6 26. b5 Rxc4 27. Rxc4
Bxc4 28. bxc6 bxc6 29. Bxc6 d5 30. e4 d4 31. Bd5+ Bxd5 32. Rxd4 Kf7 33. exd5
Kf6 34. Ra4 Rd7 35. Ne4+ Kf5 36. Kg2 Rxd5 37. Ng3+ Ke5 38. Rxa7 h5 39. Ra8 Be7
40. Ra4 Rd3 41. Re4+ Kf6 42. Re3 Rd4 43. Ne2 Ra4 44. Nc3 Ra5 45. a4 Kf7 46. Re4
Rc5 47. Nd1 Rc2 48. Ne3 Ra2 49. Rc4 Ke6 50. Kf3 Bg5 51. Rc6+ Kf7 52. Nc4 Bh4
53. Ne5+ Kg7 54. Rxg6+ Kh7 55. Rg2 Rxa4 56. Nd3 Kh6 57. Ke3 Rg4 58. Ne1 Bg5+
59. Ke2 Bf4 60. Kf1 Rxg2 61. Kxg2 Kg5 62. h3 Kf5 63. Kf3 Bc7 64. Ng2 Bb8 65.
Ne3+ Kg5 66. Nc4 Bc7 67. Nd2 Kh4 68. Kg2 Kg5 69. Ne4+ Kf4 70. Ng3 Kg5 71. Ne2
Be5 72. Nc1 Bc7 73. Nd3 Bd6 74. Ne1 Kf4 75. Nf3 Bc5 76. Ng1 Bd6 77. Ne2+ Kg5
78. Nc3 Kf4 79. Nd5+ Kg5 80. Nc3 Kf4 81. Ne2+ Kg5 82. Ng1 Kf4 83. Kf1 Bc5 84.
Ke2 Bb6 85. Nf3 Ba7 86. Ne1 Bb8 87. Ng2+ Ke4 88. f3+ Kd4 89. Kf2 Kd3 90. Nh4
Ba7+ 91. Kg2 Ke3 92. Nf5+ Kf4 93. Ng3 h4 94. Ne2+ Kf5 95. Kf1 Be3 96. Ke1 Ke5
97. Kd1 Kd5 98. Kc2 Kc4 99. Nc3 Bh6 100. Ne2 Be3 101. f4 Bc5 102. Kd2 Bb6 103.
f5 Kd5 104. Nf4+ Ke5 105. Ng6+ Kxf5 106. Nxh4+ Kf4
1/2-1/2

[Event "Fagernes Chess International"]
[Site "Fagernes"]
[Date "2015.03.29"]
[Round "7"]
[White "Haugli, Petter"]
[Black "Agdestein, Simen"]
[Result "0-1"]
[WhiteElo "2247"]
[BlackElo "2620"]
[Annotator "Doe,John"]
[PlyCount "120"]
[EventDate "2015.??.??"]

1. d4 Nf6 2. c4 e6 3. Nc3 Bb4 4. f3 d5 5. a3 Bxc3+ 6. bxc3 c5 7. e3 O-O 8. cxd5
Nxd5 9. Qc2 cxd4 10. cxd4 Nc6 11. Bd3 f5 12. Ne2 Qh4+ 13. g3 Qh3 14. Kf2 Bd7
15. Bd2 Nce7 16. Qb3 Bc6 17. Bb5 Rf7 18. Bxc6 Nxc6 19. Nc3 Rd8 20. Nxd5 exd5
21. Qd3 g5 22. Rac1 g4 23. f4 Kg7 24. Rc5 Rd6 25. Qb3 Rfd7 26. Rb5 b6 27. Qd3
Kf6 28. Rbb1 Qh5 29. Rbc1 Kg7 30. Qb5 Qh6 31. Qd3 Rf7 32. Qb5 Qe6 33. Qd3 Qd7
34. h3 Rg6 35. hxg4 Rxg4 36. Rh5 h6 37. Rch1 Rf6 38. R5h4 Rfg6 39. Rxg4 Rxg4
40. Rc1 Ne7 41. Qc2 a5 42. Qc7 Qxc7 43. Rxc7 Kf8 44. Rb7 Rg6 45. a4 Rc6 46. Ke2
Ng8 47. e4 dxe4 48. d5 Rd6 49. Be3 Rxd5 50. Rxb6 Kf7 51. Ra6 Nf6 52. Bd2 Nh5
53. Be1 Rc5 54. Rxh6 Nf6 55. Rh8 Nd5 56. Ra8 Rc2+ 57. Kf1 Ne3+ 58. Kg1 Rc1 59.
Kf2 Ng4+ 60. Ke2 Rc2+
0-1

[Event "Fagernes Chess International"]
[Site "Fagernes"]
[Date "2015.03.29"]
[Round "7"]
[White "Romanov, Evgeny"]
[Black "Gandrud, Vegar Koi"]
[Result "1-0"]
[WhiteElo "2613"]
[BlackElo "2211"]
[Annotator "Doe,John"]
[PlyCount "71"]
[EventDate "2015.??.??"]

1. e4 c5 2. b3 d6 3. Bb2 e5 4. Nc3 Nf6 5. Bc4 g6 6. Nge2 Bg7 7. O-O O-O 8. d3
Nbd7 9. f4 Ng4 10. Nd5 Nb6 11. Qd2 Nxd5 12. Bxd5 Qh4 13. h3 Nf6 14. Bc4 Nd7 15.
Rf3 Nb6 16. fxe5 Nxc4 17. bxc4 dxe5 18. Nc3 b6 19. Nd5 Bb7 20. a4 Qd8 21. a5
Qd6 22. Rff1 f5 23. exf5 gxf5 24. Qg5 Bxd5 25. cxd5 Qg6 26. Qe7 Rfe8 27. Qc7 e4
28. Bxg7 Qxg7 29. axb6 exd3 30. d6 d2 31. Qxc5 Qf7 32. Rxa7 Rxa7 33. bxa7 Ra8
34. Rd1 Qe6 35. Kh2 Qe4 36. Qf2
1-0

[Event "Fagernes Chess International"]
[Site "Fagernes"]
[Date "2015.03.29"]
[Round "7"]
[White "Burmakin, Vladimir"]
[Black "Dann, Matthias"]
[Result "1-0"]
[WhiteElo "2581"]
[BlackElo "2475"]
[Annotator "Doe,John"]
[PlyCount "63"]
[EventDate "2015.??.??"]

1. d4 Nf6 2. Nf3 g6 3. c4 Bg7 4. g3 O-O 5. Bg2 d6 6. O-O Nc6 7. Nc3 a6 8. b3
Rb8 9. Nd5 Nxd5 10. cxd5 Nb4 11. e4 f5 12. Ng5 fxe4 13. Bxe4 c6 14. Nxh7 Kxh7
15. Qh5+ Kg8 16. Bxg6 Rf6 17. Qh7+ Kf8 18. Bh6 Rxg6 19. Qh8+ Kf7 20. Qxd8 Rxh6
21. Qb6 a5 22. Qa7 Na6 23. dxc6 bxc6 24. Rfe1 Bf6 25. Rac1 c5 26. dxc5 d5 27.
c6 d4 28. Re4 Rb4 29. Rce1 d3 30. Rxe7+ Kg6 31. Re8 d2 32. Rd1
1-0

[Event "Fagernes Chess International"]
[Site "Fagernes"]
[Date "2015.03.29"]
[Round "7"]
[White "Donchenko, Alexander"]
[Black "Christiansen, Johan-Sebastian"]
[Result "1-0"]
[WhiteElo "2569"]
[BlackElo "2351"]
[Annotator "Doe,John"]
[PlyCount "93"]
[EventDate "2015.??.??"]

1. Nf3 f5 2. d4 Nf6 3. g3 d6 4. Bg2 g6 5. b3 Bg7 6. Bb2 O-O 7. O-O c6 8. Nbd2
a5 9. c4 Na6 10. Qc2 Qc7 11. a3 Re8 12. Bc3 e5 13. c5 exd4 14. cxd6 Qxd6 15.
Nc4 Qe7 16. Bxd4 Qxe2 17. Qxe2 Rxe2 18. Nb6 Rb8 19. Rae1 Rxe1 20. Rxe1 Ne4 21.
Bxg7 Kxg7 22. Nd4 Kf7 23. Bxe4 fxe4 24. Rxe4 Kf6 25. Nc4 a4 26. b4 Nc7 27. Nb6
Bf5 28. Nxf5 Kxf5 29. Rf4+ Kg5 30. Rf7 Nb5 31. h4+ Kh6 32. Nd7 Nd6 33. Rf6 Ne4
34. g4 Rd8 35. Rf7 Nd6 36. Re7 Nc8 37. g5+ Kh5 38. Rxh7+ Kg4 39. Kg2 Nd6 40.
Nf6+ Kf4 41. Re7 Nb5 42. Ne4 Kg4 43. Rf7 Kxh4 44. f3 Rh8 45. Rf4+ Kh5 46. Rg4
Rh6 47. Ng3#
1-0

[Event "Fagernes Chess International"]
[Site "Fagernes"]
[Date "2015.03.29"]
[Round "7"]
[White "Kulaots, Kaido"]
[Black "Mikalsen, Erlend"]
[Result "1-0"]
[WhiteElo "2558"]
[BlackElo "2161"]
[Annotator "Doe,John"]
[PlyCount "75"]
[EventDate "2015.??.??"]

1. e4 c5 2. Nf3 d6 3. d4 cxd4 4. Nxd4 Nf6 5. Nc3 g6 6. Be3 Bg7 7. f3 Nc6 8. Qd2
O-O 9. Bc4 Bd7 10. O-O-O Rc8 11. Bb3 Ne5 12. Kb1 Re8 13. h4 h5 14. g4 hxg4 15.
h5 Nxh5 16. Bh6 e6 17. Rdg1 Qf6 18. fxg4 Bxh6 19. Qxh6 Qg7 20. Qe3 Nf6 21. g5
Nh5 22. Ndb5 Bxb5 23. Nxb5 Red8 24. Qxa7 Nc4 25. Bxc4 Rxc4 26. Qxb7 Rb4 27. c3
Qxc3 28. Qxf7+ Kxf7 29. Nxc3 Rc8 30. Rh3 Ke7 31. Rf3 Rc5 32. Rgf1 Kd7 33. Rf8
Rd4 34. R1f7+ Kc6 35. Rc8+ Kb6 36. Rb8+ Kc6 37. Rbb7 Rxg5 38. Rfc7#
1-0